<?xml version="1.0" encoding="UTF-8"?>
<collection xmlns="http://www.loc.gov/MARC21/slim">
 <record>
  <leader>02797nam a2200313 a 4500</leader>
  <controlfield tag="001">1/48936</controlfield>
  <controlfield tag="008">190614s2016    gr       b    00010 gre  </controlfield>
  <datafield tag="020" ind1=" " ind2=" ">
   <subfield code="a">9789601642406</subfield>
  </datafield>
  <datafield tag="035" ind1=" " ind2=" ">
   <subfield code="l">51934</subfield>
  </datafield>
  <datafield tag="040" ind1=" " ind2=" ">
   <subfield code="a">GR-PeUP</subfield>
  </datafield>
  <datafield tag="082" ind1="0" ind2="0">
   <subfield code="a">338.473621 ΧΛΕ</subfield>
  </datafield>
  <datafield tag="245" ind1="0" ind2="0">
   <subfield code="a">Οικονομικά της υγείας /</subfield>
   <subfield code="c">Μιχάλης Χλέτσος.</subfield>
  </datafield>
  <datafield tag="260" ind1="0" ind2=" ">
   <subfield code="a">Αθήνα :</subfield>
   <subfield code="b">Πατάκης,</subfield>
   <subfield code="c">c2011.</subfield>
  </datafield>
  <datafield tag="300" ind1=" " ind2=" ">
   <subfield code="a">226 σ. :</subfield>
   <subfield code="b">σχεδιαγράμματα, πίν. ;</subfield>
   <subfield code="c">24 εκ.</subfield>
  </datafield>
  <datafield tag="490" ind1="1" ind2=" ">
   <subfield code="a">Επιστήμη και κοινωνία ;</subfield>
  </datafield>
  <datafield tag="500" ind1=" " ind2=" ">
   <subfield code="a">Η παρούσα είναι η δεύτερη εκτύπωση, Ιανουάριος 2016.</subfield>
  </datafield>
  <datafield tag="500" ind1=" " ind2=" ">
   <subfield code="a">Περιεχόμενα: Πρόλογος -- Κεφάλαιο 1. Τι είναι τα οικονομικά της υγείας -- Κεφάλαιο 2. Τι είναι υγεία και υπηρεσίες υγείας -- Κεφάλαιο 3. Οι λόγοι της κρατικής παρέμβασης στο χώρο της υγείας -- Κεφάλαιο 4. Δαπάνες υγείας, χρηματοδότηση της υγείας και δημοσιονομικά ελλείμματα -- Κεφάλαιο 5. Η δομή του συστήματος υγείας στην Ελλάδα: διαφαινόμενες τάσεις και πολιτικές -- Κεφάλαιο 6. Πολιτική υγείας και ανισότητες -- Κεφάλαιο 7. Η ζήτηση και η προσφορά υπηρεσιών υγείας -- Κεφάλαιο 8. Η ισορροπία στην αγορά υπηρεσιών υγείας -- Κεφάλαιο 9. Η θεωρία της παραγωγής στον τομέα των υπηρεσιών υγείας -- Κεφάλαιο 10. Το νοσοκομείο ως οικονομική μονάδα -- Βιβλιογραφικές αναφορές.</subfield>
  </datafield>
  <datafield tag="504" ind1=" " ind2=" ">
   <subfield code="a">Περιέχει βιβλιογραφία.</subfield>
  </datafield>
  <datafield tag="650" ind1=" " ind2="4">
   <subfield code="a">Υγειονομική πολιτική</subfield>
   <subfield code="z">Ελλάδα.</subfield>
  </datafield>
  <datafield tag="650" ind1=" " ind2="4">
   <subfield code="a">Οικονομικά της υγείας.</subfield>
  </datafield>
  <datafield tag="650" ind1=" " ind2="4">
   <subfield code="a">Πολιτική υγείας.</subfield>
  </datafield>
  <datafield tag="650" ind1=" " ind2="4">
   <subfield code="a">Δημόσια υγεία</subfield>
   <subfield code="z">Ελλάδα</subfield>
   <subfield code="x">Χρηματοδότηση.</subfield>
  </datafield>
  <datafield tag="650" ind1=" " ind2="4">
   <subfield code="a">Health facilities</subfield>
   <subfield code="x">Economic aspects.</subfield>
  </datafield>
  <datafield tag="650" ind1=" " ind2="4">
   <subfield code="a">Medical economics.</subfield>
  </datafield>
  <datafield tag="650" ind1=" " ind2="4">
   <subfield code="a">Ιατρική οικονομική.</subfield>
  </datafield>
  <datafield tag="830" ind1=" " ind2=" ">
   <subfield code="a">Επιστήμη και κοινωνία.</subfield>
  </datafield>
  <datafield tag="852" ind1=" " ind2=" ">
   <subfield code="a">INST</subfield>
   <subfield code="b">UNIPILB</subfield>
   <subfield code="c">MAIN</subfield>
   <subfield code="e">20190614</subfield>
   <subfield code="h">338.473621 ΧΛΕ</subfield>
   <subfield code="p">00181564</subfield>
   <subfield code="q">00181564</subfield>
   <subfield code="t">LOAN</subfield>
   <subfield code="y">0</subfield>
   <subfield code="4">3</subfield>
  </datafield>
  <datafield tag="852" ind1=" " ind2=" ">
   <subfield code="a">INST</subfield>
   <subfield code="b">UNIPILB</subfield>
   <subfield code="c">MAIN</subfield>
   <subfield code="e">20190614</subfield>
   <subfield code="h">338.473621 ΧΛΕ</subfield>
   <subfield code="p">00181565</subfield>
   <subfield code="q">00181565</subfield>
   <subfield code="t">LOAN</subfield>
   <subfield code="y">0</subfield>
   <subfield code="4">2</subfield>
  </datafield>
  <datafield tag="852" ind1=" " ind2=" ">
   <subfield code="a">INST</subfield>
   <subfield code="b">UNIPILB</subfield>
   <subfield code="c">MAIN</subfield>
   <subfield code="e">20190614</subfield>
   <subfield code="h">338.473621 ΧΛΕ</subfield>
   <subfield code="p">00181566</subfield>
   <subfield code="q">00181566</subfield>
   <subfield code="t">LOAN</subfield>
   <subfield code="y">0</subfield>
   <subfield code="4">1</subfield>
  </datafield>
 </record>
</collection>
